Score 0/20 Timer 08:00
0 Plays Today
Opening Line Play % Correct
'Two households, both alike in dignity, / In fair Verona, where we lay our scene, / From ancient grudge break to new mutiny, / Where civil blood makes civil hands unclean.'Romeo and Juliet
92.1%
'When shall we three meet again / In thunder, lightning, or in rain?'Macbeth
75.7%
'Tush! never tell me; I take it much unkindly / That thou, Iago, who hast had my purse / As if the strings were thine, shouldst know of this.'Othello
75.6%
'Now is the winter of our discontent...'Richard III
64.1%
'Now, fair Hippolyta, our nuptial hour / Draws on apace'Midsummer Night's Dream
63.1%
'Who's there?'Hamlet
62.6%
'If music be the food of love, play on'Twelfth Night
54%
'I thought the king had more affected the Duke of Albany than Cornwall.'King Lear
51.7%
'Boatswain!'The Tempest
46.9%
'Sir Hugh, persuade me not; I will make a star- chamber matter of it: if he were twenty Sir John Falstaffs, he shall not abuse Robert Shallow, esquire.'Merry Wives of Windsor
38.9%
Opening Line Play % Correct
'I learn in this letter that Don Peter of Arragon comes this night to Messina.'Much Ado About Nothing
38.9%
'In sooth I know not why I am so sad'Merchant of Venice
25.3%
'Hence! home, you idle creatures get you home'Julius Caesar
21.6%
'Now, say, Chatillon, what would France with us?'King John
17.3%
'I'll pheeze you, in faith.'Taming of the Shrew
14.3%
'In delivering my son from me, I bury a second husband'All's Well that Ends Well
11.4%
'Escalus'Measure for Measure
11%
'Proceed, Solinus, to procure my fall / And by the doom of death end woes and all.The Comedy of Errors
9.7%
'So shaken as we are, so wan with care, / Find we a time for frighted peace to pant, / And breathe short-winded accents of new broils / To be commenced in strands afar remote.'Henry IV, Part I
9.2%
'Let fame, that all hunt after in their lives, / Live register'd upon our brazen tombs / And then grace us in the disgrace of death'Love's Labour's Lost
8.1%
Remove Ads.
Support Sporcle.
Get the best of Sporcle when you Go Orange. This ad-free experience offers more features, more stats, and more fun while also helping to support Sporcle. Thank you for becoming a member.

You're not logged in!

Compare scores with friends on all Sporcle quizzes.
OR
Log In

Show Comments

Extras

Top Quizzes Today


Score Distribution

Your Account Isn't Verified!

In order to create a playlist on Sporcle, you need to verify the email address you used during registration. Go to your Sporcle Settings to finish the process.

Report this User

Report this user for behavior that violates our Community Guidelines.

Details: